000 00448nam a2200181Ia 4500
005 20240823053619.0
008 240823s9999||||xx |||||||||||||| ||und||
041 _aENGLISH
082 _A540 Q1
100 _aAnitha G et al.
245 0 _aEngineering Chemistry-II
250 _a1st
260 _c2011
_bHill Lamp Public
500 _aTRANSFERED
650 _aChemistry
_bFire Technology & Safety Engineering
942 _cBK
999 _c224556
_d224556